Political campaign communication : (Record no. 1429)

000 -LEADER
fixed length control field 02324cam a2200481 a 4500
003 - CONTROL NUMBER IDENTIFIER
control field OSt
005 - DATE AND TIME OF LATEST TRANSACTION
control field 20210628065345.0
008 - FIXED-LENGTH DATA ELEMENTS--GENERAL INFORMATION
fixed length control field 070110s2008 mdu b 001 0 eng
020 ## - INTERNATIONAL STANDARD BOOK NUMBER
International Standard Book Number 9780742553026 (cloth : alk. paper)
020 ## - INTERNATIONAL STANDARD BOOK NUMBER
International Standard Book Number 0742553027 (cloth : alk. paper)
020 ## - INTERNATIONAL STANDARD BOOK NUMBER
International Standard Book Number 9780742553033 (pbk. : alk. paper)
020 ## - INTERNATIONAL STANDARD BOOK NUMBER
International Standard Book Number 0742553035 (pbk. : alk. paper)
040 ## - CATALOGING SOURCE
Transcribing agency DLC
049 ## - LOCAL HOLDINGS (OCLC)
Holding library MYGG
050 00 - LIBRARY OF CONGRESS CALL NUMBER
Classification number JF1001
Item number .T73 2008
100 1# - MAIN ENTRY--PERSONAL NAME
Personal name Trent, Judith S.
245 10 - TITLE STATEMENT
Title Political campaign communication :
Remainder of title principles and practices /
Statement of responsibility, etc. Judith S. Trent and Robert V. Friedenberg.
250 ## - EDITION STATEMENT
Edition statement 6th ed.
260 ## - PUBLICATION, DISTRIBUTION, ETC.
Place of publication, distribution, etc. Lanham :
Name of publisher, distributor, etc. Rowman & Littlefield Publishers,
Date of publication, distribution, etc. c2008.
300 ## - PHYSICAL DESCRIPTION
Extent xii, 436 p. ;
Dimensions 23 cm.
336 ## - CONTENT TYPE
Content type term text
Content type code txt
Source rdacontent
337 ## - MEDIA TYPE
Media type term unmediated
Media type code n
Source rdamedia
338 ## - CARRIER TYPE
Carrier type term volume
Carrier type code nc
Source rdacarrier
504 ## - BIBLIOGRAPHY, ETC. NOTE
Bibliography, etc. note Includes bibliographical references (p. 423-425) and index.
650 #0 - SUBJECT ADDED ENTRY--TOPICAL TERM
Topical term or geographic name entry element Political campaigns.
650 #0 - SUBJECT ADDED ENTRY--TOPICAL TERM
Topical term or geographic name entry element Communication in politics.
700 1# - ADDED ENTRY--PERSONAL NAME
Personal name Friedenberg, Robert V.
856 42 - ELECTRONIC LOCATION AND ACCESS
Uniform Resource Identifier http://www.loc.gov/catdir/toc/ecip078/2007001032.html
910 ## - USER-OPTION DATA (OCLC)
User-option data jem071009
910 ## - USER-OPTION DATA (OCLC)
User-option data MARCIVEAUT
910 ## - USER-OPTION DATA (OCLC)
User-option data jem071009
942 ## - ADDED ENTRY ELEMENTS (KOHA)
Source of classification or shelving scheme
Koha item type Book
Suppress in OPAC MM
949 #0 - LOCAL PROCESSING INFORMATION (OCLC)
4 IP
a d
b DEW
c STACK
o 0
p 39080032288703
x 01
h JF1001.T73 2008
Holdings
Withdrawn status Lost status Source of classification or shelving scheme Damaged status Not for loan Permanent Location Current Location Shelving location Date acquired Total Checkouts Full call number Barcode Date last seen Price effective from Koha item type Public note
          AU LIBRARY AU LIBRARY Open Shelf 28.06.2021   JF1001 .T73 2008 28000332 28.06.2021 28.06.2021 Book MM

Powered by Koha